000 00692nam a2200229Ia 4500
003 OSt
005 20220923220837.0
006 a|||||r|||| 00| 0
007 ta
008 220922b |||||||| |||| 00| 0 hin d
024 _a191,229
037 _cTextual
040 _aARTS
_cARTS
_bhin
041 _2hin
_ahin
082 _aV1:1:N5, 152J2
100 _aचौघरी, राघा कृष्ण
_9156273
245 0 _aविश्व इतिहास की रूप-रेखा
246 _aVishva itihās kī rūpa-rekhā
260 _c1952
942 _hV1:1:N5, 152J2
_cTEXL
_2CC
999 _c343936
_d343936